Fundamentals of sports statistics: A comprehensive guide for physical education and sports professionals (Record no. 394075)

MARC details
000 -LEADER
fixed length control field 00599 a2200193 4500
005 - DATE & TIME
control field 20260116152907.0
008 - FIXED-LENGTH DATA ELEMENTS--GENERAL INFORMATION
fixed length control field 260114b |||||||| |||| 00| 0 eng d
020 ## - ISBN
International Standard Book Number 9789359784748
Price Rs. 2995.00
040 ## - CATALOGING SOURCE
Original cataloging agency VIVEKANANDA LIBRARY
082 ## - DDC NUMBER
Classification number 796.021
Book Number M687F
100 ## - MAIN ENTRY--PERSONAL NAME
Personal name Mishra, Om Prakash
245 ## - TITLE STATEMENT
Title Fundamentals of sports statistics: A comprehensive guide for physical education and sports professionals
260 ## - PUBLICATION, DISTRIBUTION, ETC. (IMPRINT)
Name of publisher, distributor, etc Friends Publications (India)
Date of publication, distribution, etc 2025
Place of publication, distribution, etc New Delhi
300 ## - PHYSICAL DESCRIPTION
Pages 334
650 ## - Subject
Subject Physical Education
650 ## - Subject
Subject Sports Management
650 ## - Subject
Subject Sports Statistics
942 ## - ADDED ENTRY ELEMENTS (KOHA)
Koha item type Books
Holdings
Withdrawn status Lost status Source of classification or shelving scheme Damaged status Not for loan Location (home branch) Sublocation or collection (holding branch) Shelving location Date acquired Koha issues (times borrowed) Koha full call number Accession No. Koha date last seen Koha item type
    Dewey Decimal Classification     VIVEKANANDA LIBRARY VIVEKANANDA LIBRARY Vivekananda Library 12/12/2025   796.021 M687F 443635 12/12/2025 Books
© Designed and Maintained by Vivekananda Library, MDU Rohtak